Statistics for Codeword Puzzle #1 - Map Quiz

Click here to take the quiz!

General Stats

  • This quiz has been taken 1,764 times
  • The average score is 11 of 26

Answers on the Map

Answers color-coded by a green-red scale on the quiz's map according to % correct below.
 

Answer Stats

Answer% Correct
O
85%
T
85%
H
76%
P
76%
A
48%
E
46%
R
43%
Y
41%
D
38%
W
38%
M
36%
L
35%
N
35%
S
35%
X
35%
I
34%
G
32%
K
32%
Q
32%
U
32%
V
32%
Z
32%
C
31%
B
30%
J
29%
F
26%

Score Distribution

Percentile by Number Answered

Percent of People with Each Score

Your Score History

You have not taken this quiz